Die Top 16 der PDC Order of Merit 2006 - Statistiken

Allgemein
  • Dieses Quiz wurde 9 mal gespielt
  • Das Durchschnittsergebnis liegt bei 10 aus 16
Antwortstatistiken
Weltranglistenplatz Land Dartsspieler % Korrekt
1 England Colin Lloyd
100%
3 England Dennis Priestley
100%
2 England Phil Taylor
100%
11 England James Wade
86%
13 England Andy Jenkins
71%
12 England Kevin Painter
71%
4 Niederlande Roland Scholten
71%
6 England Terry Jenkins
71%
8 England Wayne Mardle
71%
5 England Adrian Lewis
57%
14 England Mark Dudbridge
57%
7 England Peter Manley
57%
10 England Ronnie Baxter
57%
9 England Denis Ovens
29%
16 England Mark Walsh
29%
15 England Chris Mason
14%
Keine übereinstimmenden Quizze gefunden
Verteilung der Resultate
Anzahl Personen mit jedem Resultat
Perzentil nach korrekt beantworteten Fragen
Ihre Resultats-Entwicklung
Sie haben dieses Quiz noch nicht gespielt